Sytuacja ekonomiczna parafii św. Wojciecha w Elblągu w 1919 roku w świetle wydatków finansowych

Titel: Sytuacja ekonomiczna parafii św. Wojciecha w Elblągu w 1919 roku w świetle wydatków finansowych
Verfasser:
Beteiligt:
In: Komunikaty Mazursko-Warmińskie, Heft 4 (2006), Seite 555-564
alle Artikel anzeigen
Veröffentlicht: 2006
Format: Aufsatz
Sprache: Polnisch
Schlagworte:
Kein Bild verfügbar
X
alg: 39230795
001A    $01999:11-11-16 
001B    $03025:01-07-25 $t10:54:27.000 
001D    $01999:11-11-16 
001U    $0utf8 
001X    $00 
002@    $0Aox 
003@    $0392307952 
007A    $0392307952 $aHEB 
007T    $0Herdc0025134h 
010@    $apol 
011@    $a2006 
021A    $aSytuacja ekonomiczna parafii św. Wojciecha w Elblągu w 1919 roku w świetle wydatków finansowych 
028A    $aGórnicki $dAdam 
028B/01 $aHochleitner $dJanusz 
031A    $e4 $h555-564 $j2006 
039B    $aIn $8--Abvc--. Komunikaty Mazursko-Warmińskie. - Olsztyn : Archiwum Państwowe w Olsztynie, 1957-. - ISSN 0023-3196 $x200600000000004445 $9063791757 
044K    $RElbing $#Elbing $#Elbing Elbląg $71028071-6 $8Elbląg [Tg1] $9042042631 
045F    $a330.09438 $eDDC23BSB 
045F/01 $a330.09 
045F/03 $g438 
045F/03 $g4382 
045F/03 $g43832 
045T    $aOST $qDE-12 $2FID 
045T    $a7,41 

lok: 39230795 78

exp: 39230795 78 1 #EPN
201B/01 $020-12-17 $t22:59:08.000 
201U/01 $0utf8 
203@/01 $0788404725 
208@/01 $a11-11-16 $be 
209A/01 $a/ $f000 $x00 
244Z/01 $2Trx $#Prusy Wschodnie i Zachodnie $8--Trx--Ost- und Westpreußen $x01 $939113373X 
244Z/01 $2Trx $#Poola $#Lenkija $#Polija $#Polen Land $#Poland $#Lengyelország $#Poľsko $#Polsko $8--Trx--Polska$gkraj $x02 $9391345966 
244Z/01 $#Elbing $#Elbing Elbląg $71028071-6 $8--Tg1--Elbląg $x03 $9042042631 
244Z/01 $aGeschichte 1919 $x04 
244Z/01 $2Trx $#kogudused $#parapijos $#parishes $#gyülekezetek $#parafie $#farnosti $#farnosti $#Pfarreien $#fary $8--Trx--Kirchengemeinden $x05 $9391369407 
244Z/01 $2Trx $8--Trx--Zeitschriftenaufsatz $x06 $9391384341 
245Z/01 $a09.01 $x01 
247C/01 $82080>Marburg/Lahn, Herder-Institut, Forschungsbibliothek, Bibliographieportal $9336309341
LEADER 00000caa a22000002c 4500
001 392307952
003 DE-603
005 20250701105427.0
007 tu
008 161111s2006 xx |||| | u00||u|pol c
035 |a (DE-599)HEB392307952 
040 |a DE-603  |b ger  |c DE-603  |d DE-603 
041 |a pol 
082 0 4 |8 1\u  |a 330.09438  |q DE-101  |2 23/BSB 
084 |a OST  |q DE-12  |2 fid 
084 |a 7,41  |2 ssgn 
085 |8 1\u  |b 330.09 
085 |8 1\u  |z 2  |s 438 
085 |8 1\u  |z 2  |s 4382 
085 |8 1\u  |z 2  |s 43832 
100 1 |a Górnicki, Adam 
245 0 0 |a Sytuacja ekonomiczna parafii św. Wojciecha w Elblągu w 1919 roku w świetle wydatków finansowych 
264 0 |c 2006 
651 7 |a Elbląg  |0 (DE-588)1028071-6  |0 (DE-603)042042631  |2 gnd 
700 1 |a Hochleitner, Janusz 
773 0 8 |i In  |t Komunikaty Mazursko-Warmińskie  |d Olsztyn : Archiwum Państwowe w Olsztynie, 1957-  |h 24 cm  |x 0023-3196  |g Heft 4 (2006), Seite 555-564  |w (DE-603)063791757  |w (DE-600)422977-0 
924 0 |9 2080  |a (DE-603)788404725  |b DE-2080  |c HES  |d d  |g /